Представление документа в формате RUSMARC

ПолеНазваниеЗначение
  Тип записи a
  Библиографический уровень c
001 Контрольный номер 710
005 Дата корректировки 20260428144559.3
010 Индекс ISBN __
d Цена 1-80
101 Язык документа 0_
a Язык текста rus
200 Заглавие и сведения об ответственности 1_
a Заглавие Рассказы, повести и фельетоны
f Первые сведения об ответственности Андреев Л. Н. ; подгот. текста, сост., предисл. В. Н. Чувакова
b Общее обозначение материала Текст
210 Выходные данные 1_
a Место издания М.
c Издательство Моск. рабочий
d Дата издания 1983
215 Физическое описание __
a Объем 351 с.
606 Тематические рубрики __
a Основная рубрика Художественная литература
606 Тематические рубрики __
a Основная рубрика Русская литература XIX в. (произведения)
610 Ключевые слова 0_
a Ключевые слова рассказы; повести; фельетоны
686 Индексы других классификаций __
2 Код системы rubbks
a Классификационный индекс 84(2=411.2)53-4; ст84(2Рос=Рус)1-4
700 Автор _1
a Фамилия Андреев
b Имя Л. Н.
4 Код отношения 070
702 Вторичная интеллектуальная ответственность _1
a Фамилия Чуваков
b Имя В. Н.
4 Код отношения Подготовка текста
801 Источник записи _0
a Страна RU
b Организация Муниципальное бюджетное учреждение культуры "Централизованная библиотечная система" г. Сургут (Центральная городская библиотека им. А. С. Пушкина)
801 Источник записи _1
a Страна RU
b Организация Муниципальное бюджетное учреждение культуры "Централизованная библиотечная система" г. Сургут (Центральная городская библиотека им. А. С. Пушкина)
852 Данные о местонахождении __
j Шифр хранения 84(2=411.2)53-4
i Авторский знак А 65
p Инвентарный номер 18435
901 Тип документа __
t Тип документа x
990 Данные о заказе (DOS) __
j Количество экземпляров (DOS) 2
t N записи в КСУ для И/У (DOS) 199101